Ward of Farringdon Without [poll returns] (Record no. 116463)

MARC details
000 -LEADER
fixed length control field 00492cam a22001935a 4500
001 - CONTROL NUMBER
control field L140763
008 - FIXED-LENGTH DATA ELEMENTS--GENERAL INFORMATION
fixed length control field 071010s1836 xxk eng u
035 ## - SYSTEM CONTROL NUMBER
System control number (Sirsi) u140763
041 0# - LANGUAGE CODE
Language code of text/sound track or separate title eng
100 1# - MAIN ENTRY--PERSONAL NAME
Personal name Reeves, Charles
245 00 - TITLE STATEMENT
Title Ward of Farringdon Without [poll returns]
260 ## - PUBLICATION, DISTRIBUTION, ETC.
Place of publication, distribution, etc. London
Name of publisher, distributor, etc. C. Wood
Date of publication, distribution, etc. 1836
300 ## - PHYSICAL DESCRIPTION
Extent 1 sheet
Dimensions 22 x 28 cm.
340 ## - PHYSICAL MEDIUM
Material base and configuration Printed
351 ## - ORGANIZATION AND ARRANGEMENT OF MATERIALS
Hierarchical level Single item
500 ## - GENERAL NOTE
General note Poll return dated 21 December 1836.
651 4# - SUBJECT ADDED ENTRY--GEOGRAPHIC NAME
Geographic name London
942 ## - ADDED ENTRY ELEMENTS (KOHA)
Suppress in OPAC 0
Holdings
Withdrawn status Lost status Source of classification or shelving scheme Damaged status Not for loan Home library Current library Shelving location Date acquired Total Checkouts Full call number Barcode Date last seen Copy number Price effective from Koha item type
    Dewey Decimal Classification     London London Basement 10/10/2007   BASEMENT BOX 2 140763-1001 06/08/2019 1 06/08/2019 Archive